Những loài ốc (Mollusca: gastropoda) phổ biến ở ven biển, ven đảo Việt Nam
Nội dung giới thiệu tổng quan nghiên cứu trai, ốc biển Việt Nam. Hệ thống phân loại sử dụng và hình thái vỏ với các thuật ngữ. Những loài ốc biển ở ven biển, ven đảo Việt Nam. Những nhận dang chung về khu hệ thân mềm ở ven biển, ven đ...
Tallennettuna:
| Päätekijä: | |
|---|---|
| Aineistotyyppi: | Kirja |
| Kieli: | Undetermined |
| Julkaistu: |
Hà Nội
Khoa học Tự nhiên và Công nghệ
2019
|
| Aiheet: | |
| Tagit: |
Lisää tagi
Ei tageja, Lisää ensimmäinen tagi!
|
| Thư viện lưu trữ: | Trung tâm Học liệu Trường Đại học Cần Thơ |
|---|
| LEADER | 01058nam a2200193Ia 4500 | ||
|---|---|---|---|
| 001 | CTU_233423 | ||
| 008 | 210402s9999 xx 000 0 und d | ||
| 082 | |a 594.3 | ||
| 082 | |b T550 | ||
| 100 | |a Đỗ, Văn Tứ | ||
| 245 | 0 | |a Những loài ốc (Mollusca: gastropoda) phổ biến ở ven biển, ven đảo Việt Nam | |
| 245 | 0 | |c Đỗ Văn Tứ (chủ biên), Takenori Sasaki, Lê Hùng Anh | |
| 260 | |a Hà Nội | ||
| 260 | |b Khoa học Tự nhiên và Công nghệ | ||
| 260 | |c 2019 | ||
| 520 | |a Nội dung giới thiệu tổng quan nghiên cứu trai, ốc biển Việt Nam. Hệ thống phân loại sử dụng và hình thái vỏ với các thuật ngữ. Những loài ốc biển ở ven biển, ven đảo Việt Nam. Những nhận dang chung về khu hệ thân mềm ở ven biển, ven đảo Việt Nam. | ||
| 650 | |a Ốc biển,Sea snails | ||
| 910 | |b dqhieu | ||
| 980 | |a Trung tâm Học liệu Trường Đại học Cần Thơ | ||